000 00444nam a2200157Ia 4500
008 230917s9999||||xx |||||||||||||| ||und||
040 _e204272
_aMAIN
041 _aEnglish
082 _a300.72 B623C
100 _aBloomberg, Linda Dale
245 0 _aCompleting your qualitatve dissertation: A road map form beginning to end
250 _a2nd ed.
260 _aLos Angeles
_bSage Publications
_c2012
300 _axxx, 312 p.
942 _cBK
999 _c172856
_d172856